Unia, čili spojení Lutheránů s Kalvíny v Uhrách

Bibliographic Details
Main Author: Hurban, Jozef Miloslav, 1817-1888 (Author)
Corporate Author: Gyurian, Ján a Bagó, Martin (Budapešť, Maďarsko) (Printer)
Format: Book
Language:Czech
PhysicalDescription:200 strán, 4 nečíslované strany 22 cm
Subjects:

MARC

LEADER 00000nam a2200000 4500
001 vtls012280688
003 SK-MaSNL
005 20260301232314.0
008 251112s1846 hu a f 001 0 cze
015 |a SNBHFA 
040 |a SNKHF  |b slo  |c SNKHF  |e rda 
041 0 |a cze 
044 |a hu  |c HU 
072 7 |a 271/279  |x Kresťanské cirkvi, sekty, denominácie  |2 konspekt 
080 |a 274  |2 2011 
080 |a 274.5  |2 2011 
080 |a 275.4  |2 2001 
080 |a (048.8)  |2 2011 
100 1 |a Hurban, Jozef Miloslav,  |d 1817-1888  |4 aut  |9 93005 
245 1 0 |a Unia, čili spojení Lutheránů s Kalvíny v Uhrách  |c vysvětlená od M. J. Hurbana, Církve Evanj. podle Augšp. Vyznání Kněze a Faráře ve Hlubokém 
246 3 0 |a Spojení Lutheránů s Kalvíny 
264 3 |a W Budíně  |b Tiskem J. Gyuriána a M. Bagó  |c 1846 
300 |a 200 strán, 4 nečíslované strany  |c 22 cm 
336 |a text  |b txt  |2 rdacontent 
337 |a bez média  |b n  |2 rdamedia 
338 |a zväzok  |b nc  |2 rdacarrier 
500 |a Titulná strana s ozdobnou linkou, erráta 
501 |a Príväzok 1. k: HAAN, Ľudovít Jaroslav. Cithara Sanctorum, jeji historia, jej půwodce a tohoto spolupracownici. W Pessti : Tiskem Wiktora Horňanského, 1873.  |5 SNK SC 97 
504 |a Register ; poznámky pod textom 
546 |a Český text  |b Antikva 
561 |a Rukopisný provenienčný záznam na titulnom liste: z Knižnice Lud. Orphanides.  |5 SNK SC 97/prív.1 
650 0 7 |a protestantizmus  |2 SNKPH  |9 4018 
650 0 7 |a luteránstvo  |2 SNKPH  |9 69032 
650 0 7 |a kalvinizmus  |2 SNKPH  |9 31105 
655 7 |a štúdie  |2 SNKPH  |9 57033 
700 1 |a Orphanides, Ľudovít Samoslav,  |d 1818-1895  |4 fmo  |9 625712 
710 2 |a Gyurian, Ján a Bagó, Martin (Budapešť, Maďarsko)  |4 prt  |9 300208 
752 |a Maďarsko  |d Budapešť 
852 |a snk  |p SC 97/prív.1 
958 |a ONDV 
958 |a DF 
999 |c 961024  |d 962954 
952 |a SNK  |b SNK  |y PREZ  |7 0  |p 17A1567445  |o snkSC 97/prív.1  |i snk694/27  |0 0  |1 0  |4 0  |d 2025-08-01  |l 0  |r 2026-02-24 10:18:34  |w 2026-02-24